Eleições 2008 : (Record no. 1571)

MARC details
000 -LÍDER
Campo Fixo de Controle 00949nam a2200277 a 4500
001 - NÚMERO DE CONTROLE
Campo de Controle 1571
003 - IDENTIFICAÇÃO DO NÚMERO DE CONTROLE
Campo de Controle BR-CuiBMT
005 - DATA E HORA DA ÚLTIMA ATUALIZAÇÃO
Campo de Controle 20231215215601.0
008 - DADOS FIXOS
Dados Fixos 231130s2008 dfba 000 0 por d
040 ## - AGÊNCIA CATALOGADORA
Código da Agência Catalogadora BR-CuiBMT
Agência que transcreveu o registro BR-CuiBMT
080 ## - Nº DA CLASSIFICAÇÃO DECIMAL UNIVERSAL
Nº Class. CDU 324
Nº edição CDU 2007
090 ## - NÚMERO DE CHAMADA
Nº classificação 324
Cutter B823e
Ano/Edição 3. ed.
110 1# - ENTRADA PRINCIPAL -- ENTIDADE
Nome da entidade ou lugar Brasil.
Unidade subordinada Tribunal Superior Eleitoral.
245 10 - TÍTULO PRINCIPAL
Título principal Eleições 2008 :
Subtítulo instruções do TSE /
Indicação de responsabilidade Tribunal Superior Eleitoral, Secretaria de Gestão da Informação.
250 ## - EDIÇÃO
Edição 3. ed. atual.
260 ## - PUBLICAÇÃO, DISTRIBUIÇÃO, ETC.
Local de publicação Brasília :
Editora TSE,
Data 2008.
300 ## - DESCRIÇÃO FÍSICA
N. páginas ou volumes 363 p. :
Ilustrações il. ;
Dimensões 23 cm
500 ## - NOTAS GERAIS
Notas gerais Atualizada até 3.7.2008.
500 ## - NOTAS GERAIS
Notas gerais Inclui texto integral da Lei n. 9.504, de 30.9.97.
504 ## - NOTA DE BIBLIOGRAFIA, ETC.
Nota de bibliografia Inclui bibliografia.
650 ## - ASSUNTO TÓPICO
Cabeçalho tópico ou nome geográfico Eleições
Subdivisão de forma Legislação
Subdivisão geográfica Brasil
650 ## - ASSUNTO TÓPICO
Cabeçalho tópico ou nome geográfico Instruções eleitorais
Subdivisão geral Resolução
Subdivisão geográfica Brasil
650 ## - ASSUNTO TÓPICO
Cabeçalho tópico ou nome geográfico Instrução normativa conjunta
Subdivisão geral TSE-RFB
Subdivisão geográfica Brasil
650 ## - ASSUNTO TÓPICO
Cabeçalho tópico ou nome geográfico Portaria conjunta
Subdivisão geral TSE/SRF
942 ## - ELEMENTOS DE ENTRADA ADICIONAIS (KOHA)
Fonte de classificação ou esquema de arquivamento Classificação Decimal Universal
Tipo de item do Koha Livros
Holdings
Estado: removido Estado: perdido Fonte de classificação ou esquema de arquivamento Estado: danificado Indisponível para empréstimo Localização permanente Localização atual Data de aquisição Total Checkouts Número de Chamada completo Código de barras Date last seen Número do exemplar Preço efetivo a partir de Tipo de item (Koha)
    Classificação Decimal Universal     Biblioteca da Escola Superior de Contas do TCE/MT Biblioteca da Escola Superior de Contas do TCE/MT 15/12/2023   324 B823e 3. ed. BIBTCEMT23120596 15/12/2023 Ex. 1 15/12/2023 Livros

Powered by Koha